| 000 | 01157nam a2200325 a 4500 | ||
|---|---|---|---|
| 001 | BRL_1306 | ||
| 005 | 20190320211135.0 | ||
| 008 | 030114t1968----u--abo####---#000-0#eng-# | ||
| 041 | _aeng | ||
| 044 | _au | ||
| 050 | 4 |
_aF1219.3.C75 _b.M49 1968 |
|
| 100 | 1 |
_aCordy, Donald _926450 |
|
| 245 | 1 | 0 |
_aMexican indian costumes _cText by Donal and Dorothy Cordry ; photograpks by Donald Cordry ; foreword by Miguel Covarrubias. |
| 260 |
_aAustin _bUniversity of Texas _c1968 |
||
| 300 |
_axx, 373 p. _bil., fotografías (a color), mapas _c30 cm. |
||
| 440 | 0 |
_aThe Texas pan American series _926451 |
|
| 500 | _aIncluye índice de ilustraciones, figuras y mapas | ||
| 500 | _aIncluye dedicatoria a Ruth Lechuga | ||
| 500 | _aEstado físico: encuadernado, enero 2016 | ||
| 500 | _aAu1540 | ||
| 504 | _aBibliografía: p. 349-354 | ||
| 650 | 1 | 4 |
_aIndígenas de México _xIndumentaria _92447 |
| 650 | 1 | 4 |
_aIndígenas de México _xVida social y costumbres _910614 |
| 650 | 1 | 4 |
_aIndustria textil indígena _926452 |
| 650 | 1 | 4 |
_aTelas _925185 |
| 700 | 1 |
_aCordry, Dorothy _926453 |
|
| 700 | 1 |
_aCovarrubias, Miguel _910199 |
|
| 902 | _aGRL | ||
| 942 |
_2lcc _cB |
||
| 999 |
_c10118 _d10118 |
||